| 000 | 00960nmc a2200337 a 4500 | ||
|---|---|---|---|
| 003 | AR-BaBNM | ||
| 005 | 20251128203001.0 | ||
| 008 | 257019s1961 ||||||||||||||000 | spa|| | ||
| 040 | _cAR-BaBNM | ||
| 245 | 1 | 0 | _aLa amistad de algunos barrios |
| 260 |
_aBuenos Aires _bMunicipalidad de la Ciudad de Buenos Aires _c1961 |
||
| 300 |
_a110 p. _bil. |
||
| 490 | 0 |
_aCuadernos de Buenos Aires _vv. 15 |
|
| 500 | _aContiene referencias bibliográficas en p. 25 | ||
| 650 | 4 | _aHISTORIA ARGENTINA | |
| 650 | 4 | _aHISTORIA DE BUENOS AIRES | |
| 650 | 4 | _aMONUMENTOS HISTORICOS | |
| 650 | 4 | _aBIENES CULTURALES | |
| 650 | 4 | _aEDIFICIOS | |
| 650 | 4 | _aARQUITECTURA | |
| 650 | 4 | _aPARQUES PUBLICOS | |
| 650 | 4 | _aBARRIOS | |
| 651 | 4 | _aBuenos Aires [Capital Federal] | |
| 700 | 1 | _aBucich, Antonio J. | |
| 700 | 1 | _aCarpena, E. | |
| 700 | 1 | _aDondo, Osvaldo Horacio | |
| 700 | 1 | _aLLanes, Ricardo M. | |
| 700 | 1 | _aSáenz, J.P. | |
| 942 | _cBK | ||
| 998 | _cMARTIN | ||
| 999 |
_c1372 _d1372 |
||